UCI European Road Cycling Championship Winners - Statistics

General Stats
  • This quiz has been taken 10 times
  • The average score is 6 of 10
Answer Stats
Year Country Winner % Correct
2025 Slovenia Tadej Pogačar
100%
2016 Slovakia Peter Sagan
90%
2024 Belgium Tim Merlier
70%
2017 Norway Alexander Kristoff
60%
2018 Italy Matteo Trentin
60%
2021 Italy Sonny Colbrelli
60%
2019 Italy Elia Viviani
50%
2022 Netherlands Fabio Jakobsen
30%
2020 Italy Giacomo Nizzolo
30%
2023 France Christophe Laporte
10%
No matching quizzes found
Score Distribution
Percent of People with Each Score
Percentile by Number Answered
Your Score History
You have not taken this quiz